| 000 | 00893na a2200277 4500 | ||
|---|---|---|---|
| 001 | 20739 | ||
| 003 | MIRAKIL | ||
| 005 | 20181213155125.0 | ||
| 008 | 170126b tu 000 0 | ||
| 035 | _a20739 | ||
| 040 |
_aMilas _btur _cTR-AnCHP |
||
| 041 | _atur | ||
| 082 |
_a324.2382 _bR32 1995 |
||
| 090 | _a324.2382 R32 1995 | ||
| 110 | _aRefah Partisi | ||
| 245 |
_aRefah Partisi 24 Aralık 1995 seçimleri seçim beyannamesi _cRP |
||
| 260 |
_aAnkara _bRefah Partisi _c1995 |
||
| 300 |
_a32 s. _c20 sm. |
||
| 500 | _aDış kapakta: 25 Aralık sabahı Türkiye yeniden doğacak! | ||
| 610 |
_aRefah Partisi (RP) _xSeçim kampanyaları |
||
| 610 |
_aRefah Partisi (RP) _xBroşürler _ySeçim |
||
| 610 |
_aRefah Partisi (RP) _xPropaganda ve ideolojiler |
||
| 650 |
_aSiyasal partiler _xParti türleri _yDinci partiler _zTürkiye |
||
| 710 | _aRefah Partisi (RP) | ||
| 942 |
_2ddc _cBKS |
||
| 999 |
_c7011 _d7011 |
||